Most water-stressed countries - Statistics

General Stats
  • This quiz has been taken 28 times
  • The average score is 12 of 17
Answer Stats
Rank Answer % Correct
15 Oman
87%
3 Israel
83%
5 Jordan
83%
14 Pakistan
83%
8 Saudi Arabia
83%
13 India
78%
4 Iran
78%
1 Qatar
78%
12 Bahrain
74%
2 Lebanon
74%
6 Libya
74%
10 UAE
74%
7 Kuwait
70%
16 Turkmenistan
57%
9 Eritrea
48%
17 Botswana
26%
11 San Marino
9%
No matching quizzes found
Score Distribution
Percent of People with Each Score
Percentile by Number Answered
Your Score History
You have not taken this quiz